[Event "10th Open"]
[Site "Valle d'Aosta ITA"]
[Date "2002.02.12"]
[Round "4"]
[White "Georgiev,Vl"]
[Black "Godena,M"]
[Result "1/2-1/2"]
[WhiteElo "2560"]
[BlackElo "2487"]

1.d4 d5 2.c4 e6 3.Nc3 c6 4.e3 Nf6 5.Nf3 Nbd7 6.Bd3 b6 7.O-O Bb7 8.Qe2 Be7
9.Rd1 Qc7 10.Bd2 Rd8 11.cxd5 cxd5 12.a4 Ne4 13.a5 Nxd2 14.Nxd2 Qb8 15.axb6 axb6
16.Nb5 O-O 17.Ra7 Rc8 18.Rda1 Bc6 19.R7a2 Bxb5 20.Bxb5 Rc7 21.g3 Bd6 22.Qf3 Nf6
23.Nb3 Rfc8 24.Bd3 g6 25.Ra6 Nd7 26.Kg2 Kg7 27.Bb5 Qb7 28.Nd2 Rb8 29.Nb1 Qc8
30.Nc3 Be7 31.Bd3 h5 32.Qd1 b5 33.Nxb5 Rcb7 34.Na7 Qe8 35.Nc6 Rc8 36.b4 Bxb4
37.Rb1 Qf8 38.Qa4 Nb8 39.Rxb4 Rxb4 40.Nxb4 Nxa6 41.Nxa6 Qe7 42.Nc5 Rc7 43.Qa8 Ra7
44.Qb8 Ra2 45.Qb1 Qa7 46.h3 Ra1 47.Qb5 Qa3 48.Bf1 Qc3 49.g4 hxg4 50.hxg4 Qe1
51.Qe2 Qb1 52.Nd3 g5 53.Ne5 f6 54.Nd7 Qe4+ 55.Kg1 e5 56.Nc5 Qb1 57.Kg2 e4
58.Qb5 Qd1 59.Ne6+ Kh6 60.Qe2 Qb1 61.Qb5 Qd1 62.Qe2  1/2-1/2

[Event "10th Open"]
[Site "Valle d'Aosta ITA"]
[Date "2002.02.12"]
[Round "4"]
[White "Timoscenko,G"]
[Black "Dominguez,L"]
[Result "1/2-1/2"]
[WhiteElo "2513"]
[BlackElo "2594"]

1.d4 d5 2.c4 c6 3.Nf3 Nf6 4.Nc3 e6 5.e3 Nbd7 6.Qc2 Bd6 7.Bd3 O-O 8.O-O dxc4
9.Bxc4 a6 10.Rd1 b5 11.Be2 Qc7 12.Ne4 Nxe4 13.Qxe4 e5 14.Qh4 Re8 15.Bd3 h6
16.Bd2 Be7 17.Qg3 Bd6 18.Qh4 Be7 19.Qg3 Bd6  1/2-1/2

[Event "XVIII Open"]
[Site "Cappelle la Grande FRA"]
[Date "2002.02.13"]
[Round "5"]
[White "Shneider,A"]
[Black "Meynard,T"]
[Result "1-0"]
[WhiteElo "2501"]
[BlackElo "2190"]

1.c4 c6 2.d4 d5 3.Nc3 Nf6 4.e3 e6 5.Nf3 Nbd7 6.Bd3 dxc4 7.Bxc4 b5 8.Bd3 a6
9.e4 c5 10.e5 cxd4 11.Nxb5 Nxe5 12.Nxe5 axb5 13.Bxb5+ Bd7 14.Nxd7 Qa5+ 15.Bd2 Qxb5
16.Nxf8 Kxf8 17.b3 Nd5 18.h4 Ke7 19.a4 Qb7 20.Qg4 Nf6 21.Qxd4 Rhd8 22.Bb4+ Ke8
23.Qc5 Nd5 24.Qf8+ Kd7 25.Qxf7+ Kc8 26.Qxe6+ Kb8 27.Bd6+ Ka7 28.Bc5+ Kb8
29.Qe5+ Nc7 30.O-O Ra6 31.Rfc1 Rg6 32.g3 Rc6 33.Qxg7 h5 34.Be3 Rc8 35.Bf4  1-0

[Event "XVIII Open"]
[Site "Cappelle la Grande FRA"]
[Date "2002.02.14"]
[Round "6"]
[White "Legky,N"]
[Black "Fridman,D"]
[Result "1/2-1/2"]
[WhiteElo "2485"]
[BlackElo "2571"]

1.d4 d5 2.c4 c6 3.Nf3 Nf6 4.e3 e6 5.Nc3 Nbd7 6.Bd3 dxc4 7.Bxc4 b5 8.Be2 Bb7
9.a3 Be7 10.O-O a5 11.e4 b4 12.e5 bxc3 13.exf6 Nxf6 14.bxc3 Qc7 15.Rb1 Ng8
16.Ra1 Bc8  1/2-1/2

[Event "10th Open"]
[Site "Valle d'Aosta ITA"]
[Date "2002.02.14"]
[Round "6"]
[White "Palac,M"]
[Black "Godena,M"]
[Result "1/2-1/2"]
[WhiteElo "2580"]
[BlackElo "2487"]

1.d4 d5 2.c4 e6 3.Nf3 Nf6 4.Nc3 c6 5.e3 Nbd7 6.Bd3 b6 7.O-O Bb7 8.Qe2 Be7
9.b3 O-O 10.Bb2 Qc7 11.Rad1 Rad8 12.e4 dxe4 13.Nxe4 c5 14.dxc5 Nxc5 15.Nxc5 Bxc5
16.Ne5 Rd6 17.Ng4 Nxg4 18.Qxg4  1/2-1/2

[Event "10th Open"]
[Site "Valle d'Aosta ITA"]
[Date "2002.02.14"]
[Round "6"]
[White "Flear,G"]
[Black "Novikov,I"]
[Result "1/2-1/2"]
[WhiteElo "2511"]
[BlackElo "2583"]

1.d4 d5 2.c4 e6 3.Nc3 c6 4.e3 Nf6 5.Nf3 Nbd7 6.Bd3 dxc4 7.Bxc4 b5 8.Bd3 Bb7
9.O-O b4 10.Ne4 Be7 11.Nxf6+ Nxf6 12.a3 a5 13.e4 O-O 14.axb4 axb4 15.Rxa8 Qxa8
16.e5 Nd7 17.Bg5 Qd8 18.Bxe7 Qxe7 19.Qc2 h6 20.Bh7+ Kh8 21.Be4 Rb8 22.Rc1 Kg8
23.h3 Qd8 24.Qd2 Qb6 25.Rc4 Ba8 26.Qc2 Qa5 27.Bxc6 Nb6 28.Rc5 Qa1+ 29.Kh2 Bxc6
30.Rxc6 Nd5 31.Rc8+ Rxc8 32.Qxc8+ Kh7 33.Qc2+ g6 34.h4 Kg7 35.Kg3 Qf1 36.Qd2 Qb1
37.Ne1 Qf5 38.f3 Qh5 39.Nc2 g5 40.hxg5 hxg5 41.Kf2 Qh4+ 42.Kg1  1/2-1/2

[Event "XVIII Open"]
[Site "Cappelle la Grande FRA"]
[Date "2002.02.15"]
[Round "7"]
[White "Koch,W"]
[Black "Cosma,I"]
[Result "0-1"]
[WhiteElo "2300"]
[BlackElo "2461"]

1.d4 d5 2.c4 e6 3.Nc3 c6 4.Nf3 Nf6 5.e3 Nbd7 6.Qc2 Bd6 7.Be2 O-O 8.O-O Re8
9.Rd1 Qe7 10.b3 b6 11.e4 Nxe4 12.Nxe4 dxe4 13.Qxe4 Bb7 14.Bb2 Nf6 15.Qh4 c5
16.dxc5 Bxc5 17.Bxf6 Qxf6 18.Qxf6 gxf6 19.Rd7 Bc6 20.Rc7 Rec8 21.Rxc8+ Rxc8
22.Rd1 a6 23.Nd4 Be4 24.Bf3 f5 25.Bxe4 fxe4 26.Ne2 Kf8 27.Kf1 Ke7 28.Nc3 f5
29.Na4 h5 30.Ke2 Rg8 31.Nxc5 bxc5 32.g3 Rd8 33.Rb1 a5 34.a3 Rb8 35.Kd2 h4
36.Ke2 h3 37.Ke3 Kf6 38.Ke2 Kg5 39.Ke3 Kf6 40.Ke2 Ke5 41.Ke3 Rb7 42.Rb2 Kf6
43.Rb1 Kg5 44.Rb2 Kg4 45.Rb1 e5 46.Rb2 a4 47.b4 cxb4 48.axb4 a3 49.Ra2 Rxb4
50.Rxa3 Rxc4 51.Ke2 Rb4 52.Rc3 Rb2+ 53.Ke1 Ra2 54.Rb3 f4 55.gxf4 exf4 56.Rc3 Ra1+
57.Ke2 f3+ 58.Ke3 Re1+ 59.Kd4 Kf4 60.Ra3 Re2  0-1

[Event "Petrov Mem Open"]
[Site "St Petersburg RUS"]
[Date "2002.02.15"]
[Round "4"]
[White "Kovalov,S"]
[Black "Akimov,I"]
[Result "1-0"]
[WhiteElo "2351"]
[BlackElo "2244"]

1.d4 Nf6 2.c4 c6 3.Nc3 d5 4.e3 e6 5.Nf3 Nbd7 6.b3 Bb4 7.Bd2 O-O 8.Be2 b6
9.O-O Bb7 10.Nxd5 exd5 11.Bxb4 Re8 12.Rc1 Re6 13.Qc2 Rc8 14.Ng5 Re8 15.cxd5 h6
16.Nf3 Nxd5 17.Bd6 Qf6 18.Bg3 Qe7 19.Qf5 g6 20.Qh3 Kg7 21.Bd3 Nf8 22.e4 Nc7
23.Bf4 g5 24.Qg3 Nce6 25.Bd6 Qd8 26.d5 cxd5 27.Rxc8 Bxc8 28.exd5 Nc5 29.Bxc5 bxc5
30.Bc4 Ng6 31.Ne1 Qf6 32.Qc7 Bf5 33.Qxc5 Nf4 34.Nf3 Nxg2 35.Qd4 Nf4 36.Qxf6+ Kxf6
37.Nd4 Bh3 38.Rd1 Rd8 39.f3 Bd7 40.Kf2 h5 41.Nc6 Rc8 42.a4 Rc7 43.a5 g4 44.fxg4 hxg4
45.a6 Ng6 46.Nb8 Ne5 47.d6 Rc8 48.Nxd7+ Nxd7 49.Kg3 Ne5 50.Kf4 Rd8 51.d7 Rxd7
52.Rxd7 Nxd7 53.Kxg4 Ne5+ 54.Kf4 Ng6+ 55.Ke4 Ke7 56.Kd5 Kd7 57.Kd4 Ke7 58.b4 f6
59.b5 Ne5 60.Bd5 Nd7 61.h4 Kd6 62.h5 Kc7 63.h6 Ne5 64.h7 Ng6 65.Bf7 Nh8 66.Be8 Kb6
67.Ke4  1-0

[Event "XVIII Open"]
[Site "Cappelle la Grande FRA"]
[Date "2002.02.16"]
[Round "8"]
[White "Butnorius,A"]
[Black "Fridman,D"]
[Result "1/2-1/2"]
[WhiteElo "2449"]
[BlackElo "2571"]

1.d4 d5 2.Nf3 Nf6 3.c4 e6 4.Nc3 c6 5.e3 Nbd7 6.Qc2 Bd6 7.Be2 O-O 8.O-O Re8
9.Rd1 Qe7 10.h3 h6 11.b3 b6 12.e4 Nxe4 13.Nxe4 dxe4 14.Qxe4 Bb7 15.Bf4 Rad8
16.Bxd6 Qxd6 17.Ne5 Qa3 18.Bf3 Nxe5 19.Qxe5 Re7 20.Rd2 Red7 21.Rad1 a5 22.Qe3 Qb4
23.Rd3 Qd6 24.Be4 Qc7 25.g3 Ba6 26.h4 Re7 27.Bg2 Rd6 28.R3d2 Rd8  1/2-1/2

[Event "XVIII Open"]
[Site "Cappelle la Grande FRA"]
[Date "2002.02.16"]
[Round "8"]
[White "Shneider,A"]
[Black "Luther,T"]
[Result "0-1"]
[WhiteElo "2501"]
[BlackElo "2573"]

1.d4 e6 2.c4 Nf6 3.Nf3 d5 4.Nc3 c6 5.e3 Nbd7 6.Bd3 dxc4 7.Bxc4 b5 8.Bd3 b4
9.Ne4 Bb7 10.Nxf6+ Nxf6 11.e4 Be7 12.Be3 Nd7 13.Rc1 Qa5 14.O-O O-O 15.Nd2 Rfc8
16.Nc4 Qd8 17.Bf4 Nf8 18.Qe2 Ng6 19.Bg3 c5 20.d5 exd5 21.exd5 Qxd5 22.f3 Re8
23.Qc2 Rad8 24.Rcd1 Qd4+ 25.Kh1 Ra8 26.Nd2 Rec8 27.Nc4 Nf4 28.Rc1 Ng6 29.Qe2 Qd8
30.Kg1 Qd5 31.Qc2 Re8 32.Rcd1 Rad8 33.Kh1 Qd4 34.Rde1 Qf6 35.Rd1 Bf8 36.b3 Rd4
37.Kg1 h5 38.Bf2 h4 39.Kh1 Qxf3 40.Rg1 h3 41.Be3 Qf6 42.Bf2 Qd8 43.Bg3 Be7
44.Qe2 Bc8 45.Rgf1  0-1

[Event "75th KSU"]
[Site "Copenhagen DEN"]
[Date "2002.02.16"]
[Round "8"]
[White "Ward,C"]
[Black "Gausel,E"]
[Result "1/2-1/2"]
[WhiteElo "2486"]
[BlackElo "2520"]

1.d4 d5 2.c4 e6 3.Nc3 c6 4.e3 Nf6 5.Nf3 Nbd7 6.Qc2 Bd6 7.g4 dxc4 8.Bxc4 b6
9.e4 e5 10.g5 Nh5 11.Be3 O-O 12.O-O-O Qc7 13.Be2 exd4 14.Nxd4 Nf4 15.Kb1 Be5
16.h4 Nc5 17.h5 Nce6 18.g6 Nxd4 19.Bxd4 Be6 20.gxh7+ Kxh7 21.Bf3 Rad8 22.Be3 Rxd1+
23.Rxd1 Rd8 24.Ne2 Rxd1+ 25.Qxd1 c5 26.Qd2 Nxe2 27.Bxe2 Qd6 28.Qxd6 Bxd6
29.b3 Bd7 30.a4 Kg8 31.Kc2 f6 32.Bc4+ Kf8 33.h6 gxh6 34.Bxh6+ Ke7 35.Kd3 Be5
36.Be3 Bd6 37.Bd2 Bc6 38.f4 Bd7 39.Ke3 Bc6 40.Be1 Kf8 41.Bg3 Bb7 42.e5 fxe5
43.fxe5 Be7 44.Kf4 Ke8 45.Kf5 Bg2 46.Bb5+ Kd8 47.Ke6 Bf3 48.Bc4 Ke8 49.Bb5+ Kd8
50.Bc4 Ke8 51.Kf5 Bd1 52.e6 Bc2+ 53.Ke5 Bd1 54.Ke4 Kd8 55.Kd5 Bf3+ 56.Ke5 Bd1
57.Kd5 Bf3+ 58.Ke5 Bd1  1/2-1/2

[Event "Petrov Mem Open"]
[Site "St Petersburg RUS"]
[Date "2002.02.16"]
[Round "5"]
[White "Eliseev,A"]
[Black "Skatchkov,P"]
[Result "1/2-1/2"]
[WhiteElo "2489"]
[BlackElo "2464"]

1.Nf3 d5 2.c4 c6 3.e3 Nf6 4.Nc3 e6 5.d4 Nbd7 6.Bd2 Bd6 7.Qc2 b6 8.e4 dxe4
9.Nxe4 Nxe4 10.Qxe4 Bb7 11.Bd3 Qc7 12.Qe2 h6 13.O-O c5 14.d5 O-O 15.Qe4 Nf6
16.Qh4 exd5 17.Bxh6 gxh6 18.Qxf6 dxc4 19.Bxc4 Bf4 20.Rae1 Qd6 21.Qc3 Rae8
22.Rd1 Qg6 23.Bd5 Ba6 24.Bc4 Bb7 25.Qb3 Re7 26.g3 Bg5 27.Bd5 Ba6 28.Bc4 Bb7
29.Bd5 Ba6 30.Bc4  1/2-1/2

[Event "10th Open"]
[Site "Valle d'Aosta ITA"]
[Date "2002.02.16"]
[Round "8"]
[White "Vera,R"]
[Black "Novikov,I"]
[Result "1/2-1/2"]
[WhiteElo "2534"]
[BlackElo "2583"]

1.d4 d5 2.c4 e6 3.Nc3 c6 4.e3 Nf6 5.Nf3 Nbd7 6.Bd3 dxc4 7.Bxc4 b5 8.Bd3 Bb7
9.e4 b4 10.Na4 c5 11.e5 Nd5 12.Nxc5 Nxc5 13.dxc5 Bxc5 14.Ng5 Qc7 15.O-O O-O-O
16.Qc2 Kb8 17.Bd2 Rc8 18.Qb3 h6 19.Ne4 Qxe5 20.Nxc5 Rxc5 21.Rfe1 Qd6  1/2-1/2

[Event "Petrov Mem Open"]
[Site "St Petersburg RUS"]
[Date "2002.02.17"]
[Round "6"]
[White "Kachar,V"]
[Black "Yagupov,I"]
[Result "0-1"]
[WhiteElo "2363"]
[BlackElo "2466"]

1.c4 c6 2.Nf3 d5 3.d4 Nf6 4.Nc3 e6 5.e3 Nbd7 6.Bd3 dxc4 7.Bxc4 b5 8.Bd3 a6
9.e4 c5 10.d5 Qc7 11.O-O Bb7 12.Qe2 c4 13.Bc2 Bd6 14.dxe6 fxe6 15.Ng5 Nc5
16.f4 h6 17.Nf3 Nd3 18.e5 Bc5+ 19.Kh1 Ng4 20.Nd1 O-O-O 21.Ne1 Nxe1 22.Qxe1 Qc6
23.Qe2 h5 24.Nc3 Rd3 25.Bxd3 cxd3 26.Qf3 Qd7 27.Qd1 b4 28.Nb1 Qd5 29.Qf3 Qd4  0-1

[Event "Petrov Mem Open"]
[Site "St Petersburg RUS"]
[Date "2002.02.19"]
[Round "8"]
[White "Lysyj,I"]
[Black "Askarov,M"]
[Result "1-0"]
[WhiteElo "2330"]
[BlackElo "2207"]

1.d4 d5 2.Nf3 Nf6 3.c4 c6 4.Nc3 e6 5.e3 Bd6 6.Bd3 O-O 7.e4 dxe4 8.Nxe4 Nxe4
9.Bxe4 Nd7 10.O-O Re8 11.Bg5 Qc7 12.c5 Bf8 13.Bh4 g6 14.Bg3 Qd8 15.b4 a5
16.a3 Nf6 17.Bc2 Nd5 18.Qd2 f6 19.h4 Re7 20.Rfe1 b5 21.Bb3 Rea7 22.Rab1 axb4
23.axb4 Kf7 24.Kh2 Ra3 25.Ng1 R8a7 26.Ne2 Rd7 27.Nc3 Nxc3 28.Qxc3 Rda7 29.Qf3 R3a6
30.Qe4 Re7 31.Ra1 f5 32.Qe3 Rxa1 33.Rxa1 Bb7 34.Be5 Bg7 35.Bd6 Re8 36.g3 Bf8
37.Be5 Qd7 38.h5 Ra8 39.hxg6+ Kxg6 40.Rh1 Re8 41.Kg2 Rd8 42.Qe2 h6 43.Ra1 Ra8
44.Rxa8 Bxa8 45.Qa2 Qe8 46.Bxe6 Bb7 47.g4 Bc8 48.gxf5+ Kh7 49.Bg8+  1-0

[Event "ch-Serbia"]
[Site "Leskovac YUG"]
[Date "2002.02.21"]
[Round "7"]
[White "Arsovic,G"]
[Black "Lajthajm,B"]
[Result "1/2-1/2"]
[WhiteElo "2437"]
[BlackElo "2422"]

1.Nf3 Nf6 2.c4 e6 3.Nc3 d5 4.d4 c6 5.e3 Nbd7 6.Qc2 Bd6 7.Bd3 O-O 8.O-O dxc4
9.Bxc4 e5 10.h3 Qe7 11.Bb3 a5 12.a3 Nb6 13.dxe5 Bxe5 14.Nxe5 Qxe5 15.e4 Be6
16.Be3 Nc4  1/2-1/2

[Event "NAO Masters"]
[Site "Cannes FRA"]
[Date "2002.02.22"]
[Round "1"]
[White "Karpov,An"]
[Black "Fressinet,L"]
[Result "1/2-1/2"]
[WhiteElo "2693"]
[BlackElo "2591"]

1.d4 d5 2.c4 c6 3.Nc3 Nf6 4.e3 e6 5.Nf3 Nbd7 6.Qc2 Bd6 7.Bd3 O-O 8.O-O dxc4
9.Bxc4 b5 10.Be2 Bb7 11.Rd1 Qc7 12.e4 e5 13.g3 Rfe8 14.dxe5 Nxe5 15.Bg5 Ned7
16.Rac1 a6 17.Qd2 Bb4 18.Nxb5 Bxd2 19.Nxc7 Bxc1 20.Bxc1 Rxe4 21.Bd3 Rae8
22.Nxe8 Rxe8 23.Bf1 c5 24.Bg2 Bd5 25.b3 c4 26.bxc4 Bxc4 27.a3 Bd5 28.Be3 h6
29.Bd4 Re2 30.Nd2 Bxg2 31.Kxg2 Re6 32.Nc4 Rc6 33.Ne3 Kh7 34.h3 Rd6 35.f4 Rc6
36.g4 Nc5 37.Rc1 Nfd7 38.Nf5 f6 39.Ng3 Rc7 40.f5 a5 41.Kf3 Na6 42.Rc3 Kg8
43.Ne4 Kf8 44.Nd6 Ke7 45.Nb5 Rxc3+ 46.Bxc3 a4 47.Ke4 Nb6 48.Bd4 Nc8 49.Nc3 h5
50.Nxa4 hxg4 51.hxg4 Kd6 52.Nc3 Kc6 53.Kf4 Nd6 54.Ne4 Nb5 55.Bb2 Nac7 56.a4 Nd5+
57.Kf3 Nbc7 58.Ba3 Nb6 59.Bf8 Ne8 60.Kg3 Nxa4 61.Kh4 Nb6 62.Nc5 Kd5 63.Ne6 g5+
64.Kh5 Nd7 65.Ba3 Ne5 66.Bb2 Nd3  1/2-1/2

[Event "Open"]
[Site "Malaga ESP"]
[Date "2002.02.23"]
[Round "2"]
[White "Pogorelov,R"]
[Black "Blancafort Batet,J"]
[Result "1-0"]
[WhiteElo "2460"]
[BlackElo "2003"]

1.Nf3 Nf6 2.c4 c6 3.d4 d5 4.Nc3 e6 5.e3 Nbd7 6.Qc2 Be7 7.Bd3 O-O 8.O-O Re8
9.b3 b6 10.e4 dxe4 11.Nxe4 Bb7 12.Ne5 Nxe5 13.dxe5 Nxe4 14.Bxe4 g6 15.Bb2 Qc7
16.Rad1 Rad8 17.h3 c5 18.Qe2 Rxd1 19.Rxd1 Rd8 20.Rxd8+ Bxd8 21.Bxb7 Qxb7
22.Qd2 Be7 23.f3 Qc7 24.Bc3 Qd8 25.Qxd8+ Bxd8 26.b4 Be7 27.b5 Kf8 28.Kf2 Bd8
29.Ke3 Kg7 30.Ke4 Bc7 31.a4 Bd8 32.Bd2 Bc7 33.Bg5 Kf8 34.Bf6 Ke8 35.Kf4 h6
36.Bg7 Ke7 37.Ke4 h5 38.g4 hxg4 39.fxg4 Ke8 40.h4 Bd8 41.h5 gxh5 42.gxh5 Be7
43.h6  1-0

[Event "Open"]
[Site "Cannes FRA"]
[Date "2002.02.25"]
[Round "1"]
[White "Neverov,V"]
[Black "Trabert,B"]
[Result "1-0"]
[WhiteElo "2578"]
[BlackElo "2285"]

1.d4 d5 2.c4 e6 3.Nc3 c6 4.e3 Nf6 5.Nf3 Nbd7 6.Qc2 Bd6 7.b3 O-O 8.Be2 Re8
9.O-O b6 10.Bb2 Bb7 11.Rad1 Rc8 12.e4 Nxe4 13.Nxe4 dxe4 14.Qxe4 Qe7 15.Bd3 f5
16.Qe3 c5 17.d5 exd5 18.Qxe7 Rxe7 19.cxd5 g6 20.Rfe1 Rce8 21.Re6 Rxe6 22.dxe6 Nf8
23.e7  1-0

[Event "NAO Masters"]
[Site "Cannes FRA"]
[Date "2002.02.26"]
[Round "5"]
[White "Bacrot,E"]
[Black "Fressinet,L"]
[Result "1/2-1/2"]
[WhiteElo "2649"]
[BlackElo "2591"]

1.d4 d5 2.c4 c6 3.Nc3 Nf6 4.e3 e6 5.Nf3 Nbd7 6.Bd3 Bd6 7.e4 dxe4 8.Nxe4 Nxe4
9.Bxe4 e5 10.O-O exd4 11.Bg5 Nf6 12.Qxd4 h6 13.Bxf6 Qxf6 14.Qxf6 gxf6 15.Rad1 Bc7
16.Nd4 Be6 17.Rfe1 Ba5 18.Nxe6 fxe6 19.Re3 Rd8 20.Rxd8+ Kxd8 21.Rg3 Bc7 22.Ra3 a6  1/2-1/2

[Event "Open"]
[Site "Malaga ESP"]
[Date "2002.02.26"]
[Round "5"]
[White "Jaime Montalvan,L"]
[Black "Korneev,O"]
[Result "1-0"]
[WhiteElo "2248"]
[BlackElo "2568"]

1.d4 d5 2.c4 e6 3.Nc3 c6 4.e3 Nf6 5.Nf3 Nbd7 6.Qc2 Bd6 7.Be2 O-O 8.O-O b6
9.e4 dxe4 10.Nxe4 Nxe4 11.Qxe4 Bb7 12.Bf4 Nf6 13.Qe3 Ng4 14.Qe4 Nf6 15.Qe3 Bxf4
16.Qxf4 Qe7 17.Rfd1 Rfd8 18.Ne5 c5 19.dxc5 Qxc5 20.Bh5 Rf8 21.Bxf7+ Rxf7
22.Nxf7 Qc6 23.Nh6+ gxh6 24.f3 Rf8 25.b4 b5 26.Rd6 Qxc4 27.Qxh6 Bd5 28.Rc1 Qxb4
29.Qg5+ Kh8 30.Qe5 Qh4 31.Rc7 Kg8 32.Rxa7 Rf7 33.Rda6 Nd7 34.Qg3+ Qxg3 35.hxg3 Ne5
36.Rxf7 Kxf7 37.Ra5 Bc4 38.a3 Nd3 39.Kf1 Kf6 40.Ke2 Ne5+ 41.Ke3 Bf1 42.Kf2 Bd3
43.Kg1 Nc6 44.Ra6 Nd4 45.Rd6 Ke5 46.Rd7 h6 47.f4+ Ke4 48.g4 Ne2+ 49.Kf2 Nxf4
50.Rh7 Ng6 51.Rxh6 Kf4 52.Rh7 Ne5 53.g3+ Kxg4 54.Rh4+ Kg5 55.a4 Ng4+ 56.Kf3 Nf6
57.a5 e5 58.a6 e4+ 59.Kf2 Nd5 60.a7 e3+ 61.Kf3 Nc7 62.Kxe3 Bf1 63.Rh7 Na8
64.Rb7 Kg4 65.Kf2 Bd3 66.Rb8 Be4 67.Rxb5 Bh1 68.Rb4+ Kg5 69.g4 Kh4 70.Rf4 Bb7
71.Ke3 Kg5 72.Rf7 Bc6 73.Rg7+ Kf6 74.Rg8 Bh1 75.Kf4 Nc7 76.Rh8 Bg2 77.Rh4 Kg7
78.Rh2 Ba8 79.Ke5 Kg6 80.Rc2 Nb5 81.Rc8 Nxa7 82.Rg8+ Kf7 83.Rxa8 Nc6+ 84.Kf5 Nd4+
85.Kf4 Ne6+ 86.Ke5  1-0

[Event "Open"]
[Site "Malaga ESP"]
[Date "2002.02.28"]
[Round "7"]
[White "Suba,M"]
[Black "Rubio Doblas,R"]
[Result "1-0"]
[WhiteElo "2528"]
[BlackElo "2119"]

1.Nf3 d5 2.c4 c6 3.e3 Nf6 4.Nc3 e6 5.d4 Bd6 6.Be2 O-O 7.O-O Nbd7 8.Qc2 Qe7
9.a3 dxc4 10.Bxc4 e5 11.h3 e4 12.Ng5 Nb6 13.Ba2 Nbd5 14.Ngxe4 Nxe4 15.Nxe4 Bf5
16.Bb1 Bg6 17.f3 Bc7 18.Qf2 Rae8 19.Rd1 Bb6 20.Bd2 f5 21.Nc3 Nf6 22.Na4 Bc7
23.Bb4 Bd6 24.Ba2+ Kh8 25.Bxd6 Qxd6 26.Rac1 Re7 27.Nc5 Rd8 28.Nd3 Nd7 29.Qh4 Rde8
30.Kf2 h6 31.Qf4 Qf6 32.h4 Bf7 33.Bxf7 Qxf7 34.Rc2 Qf6 35.h5 Kg8 36.Rh1 Nb6
37.Qh4 Qd6 38.Ne5 Nd5 39.Rcc1 c5 40.Nc4 Qc7 41.dxc5 Qxc5 42.b4 Qc7 43.Rc2 b5
44.Qd4 Qd8 45.Na5 Rd7 46.Nc6 Qf6 47.Qxf6 Nxf6 48.Rc5 a6 49.Rxf5 Rd3 50.e4 Rxa3  1-0

[Event "Anibal Open"]
[Site "Linares ESP"]
[Date "2002.03.01"]
[Round "1"]
[White "Kempinski,R"]
[Black "Rasch,H"]
[Result "1-0"]
[WhiteElo "2576"]
[BlackElo "2256"]

1.d4 d5 2.c4 e6 3.Nc3 c6 4.e3 Nf6 5.Nf3 Nbd7 6.Qc2 Bd6 7.Be2 O-O 8.O-O Re8
9.Bd2 h6 10.Rfd1 Qe7 11.b3 dxc4 12.bxc4 e5 13.Be1 e4 14.Nd2 Nf8 15.Rab1 h5
16.c5 Bb8 17.Nc4 h4 18.f3 exf3 19.gxf3 Nd5 20.Bf2 Bf5 21.Ne4 Qg5+ 22.Kh1 Nc3
23.Qxc3 Rxe4 24.Rg1 Qe7 25.Bd3 Bh7 26.d5  1-0

[Event "ch-RUS Boys U20"]
[Site "Vladimir RUS"]
[Date "2002.03.01"]
[Round "1"]
[White "Evdokimov,Alexa"]
[Black "Shinkevich,V"]
[Result "0-1"]
[WhiteElo "2367"]
[BlackElo "2480"]

1.d4 d5 2.c4 e6 3.Nf3 c6 4.e3 Nf6 5.Nc3 Nbd7 6.Qc2 Bd6 7.b3 O-O 8.Be2 b6
9.O-O Bb7 10.Bb2 Qe7 11.Rad1 Rad8 12.Rfe1 c5 13.cxd5 exd5 14.Bf1 Rc8 15.Qf5 Qe6
16.Qb1 cxd4 17.Nxd4 Qe5 18.g3 Bb4 19.Qa1 Qh5 20.a3 Bxc3 21.Bxc3 Ne4 22.Bb2 Nxf2
23.Kxf2 Qxh2+ 24.Bg2 Nf6 25.Kf1 Ng4 26.Rd3 Ba6 27.Qb1 Qxg3 28.Re2 Rfe8 29.Nf5 Qh2
30.Bxd5 Qh3+ 31.Ke1 Ne5 32.Bxe5 Rxe5 33.Rdd2 Rxf5 34.Bg2 Qg3+  0-1

[Event "NAO Masters"]
[Site "Cannes FRA"]
[Date "2002.03.02"]
[Round "8"]
[White "Gelfand,B"]
[Black "Bacrot,E"]
[Result "1/2-1/2"]
[WhiteElo "2703"]
[BlackElo "2649"]

1.d4 d5 2.c4 c6 3.Nc3 Nf6 4.Nf3 e6 5.e3 Nbd7 6.Qc2 Bd6 7.g4 Bb4 8.Bd2 Qe7
9.Bd3 b6 10.cxd5 Nxd5 11.Nxd5 cxd5 12.Rc1 Bxd2+ 13.Kxd2 O-O 14.Qc7 Qb4+ 15.Kc2 Nf6
16.Kb1 Ne4 17.Ne5 Nxf2 18.Rhf1 Nxd3 19.Nxd3 Qb5 20.Ne5 f6 21.g5 fxe5 22.Rxf8+ Kxf8
23.Qd8+ Kf7 24.g6+ Kxg6 25.Rg1+ Kf7 26.dxe5 Qd3+ 27.Ka1 Qxe3 28.Qc7+ Ke8
29.Qc6+ Ke7 30.Qd6+ Kf7 31.Qc7+ Ke8 32.Qc6+  1/2-1/2

[Event "Anibal Open"]
[Site "Linares ESP"]
[Date "2002.03.02"]
[Round "2"]
[White "Murdzia,P"]
[Black "Dominguez,L"]
[Result "0-1"]
[WhiteElo "2401"]
[BlackElo "2594"]

1.d4 d5 2.c4 c6 3.Nf3 Nf6 4.Nc3 e6 5.e3 Nbd7 6.Qc2 Bd6 7.Be2 O-O 8.O-O dxc4
9.Bxc4 a6 10.a4 c5 11.Ba2 Qc7 12.h3 cxd4 13.exd4 b5 14.Qd3 b4 15.Ne2 a5 16.Bg5 Ba6
17.Qd1 h6 18.Rc1 Qb8 19.Bxf6 Nxf6 20.Bc4 Bb7 21.Qb3 Ra7 22.Rfe1 Rc8 23.Bb5 Bd5
24.Qe3 Rac7 25.Rxc7 Bxc7 26.Ne5 Bb6 27.Bd3 Bb7 28.Nc4 Bc7 29.Rc1 Nd5 30.Qe4 Nf6
31.Qe3 Bd5 32.Ne5 Bd6 33.Nf4 Rxc1+ 34.Qxc1 Bb7 35.Qe3 Bxe5 36.dxe5 Nd7 37.Bb5 Nxe5
38.Qb6 Qc8 39.Ne2 Qa8 40.Qc7 Nc6 41.h4 Qb8 42.Qb6 Ba8 43.Qxb8+ Nxb8 44.Nd4 Bd5
45.f4 Kf8 46.Kf2 Ke7 47.g4 Kd6 48.Ke3 Nc6 49.Ne2 Na7 50.Nd4 Nxb5 51.Nxb5+ Kc5
52.Nd4 Kc4 53.g5 hxg5 54.fxg5 g6 55.Nb5 Kb3 56.Nd6 e5 57.h5 gxh5  0-1

[Event "III Millennium"]
[Site "Virginia Beach USA"]
[Date "2002.03.02"]
[Round "2"]
[White "Potter,J"]
[Black "Novikov,I"]
[Result "0-1"]
[WhiteElo "2055"]
[BlackElo "2583"]

1.d4 d5 2.c4 e6 3.Nc3 c6 4.e3 Nf6 5.Nf3 Nbd7 6.Bd3 dxc4 7.Bxc4 b5 8.Bd3 Bb7
9.e4 b4 10.Na4 c5 11.dxc5 Qa5 12.O-O Bxc5 13.e5 Ng4 14.Nxc5 Nxc5 15.Bb1 Rd8
16.Nd4 Nxe5 17.Qh5 Ncd3 18.Nxe6 g6 19.Ng7+ Kf8 20.Qh6 Nxc1 21.Rxc1 Kg8 22.Bf5 Qd5
23.Bh3 Ng4 24.Qh4 h5 25.Nf5 gxf5 26.Qg5+ Kf8 27.Re1 Qd6 28.g3 Rg8 29.Qxf5 Qc6
30.f3 Qb6+ 31.Kh1 Rd2 32.Bxg4 hxg4 33.Rf1 Rf2  0-1

[Event "Anibal Open"]
[Site "Linares ESP"]
[Date "2002.03.03"]
[Round "3"]
[White "Mirzoev,A"]
[Black "Esquivel,L"]
[Result "1-0"]
[WhiteElo "2494"]
[BlackElo "2288"]

1.d4 d5 2.Nf3 c6 3.c4 Nf6 4.Nc3 e6 5.e3 Be7 6.Bd3 a6 7.O-O dxc4 8.Bxc4 b5
9.Bd3 Nbd7 10.e4 c5 11.e5 Nd5 12.Nxd5 exd5 13.Qc2 cxd4 14.Bxh7 Nf8 15.Bd3 Qb6
16.Bf4 Ne6 17.Bg3 Bb7 18.Rad1 Rc8 19.Qe2 Rc5 20.Bf5 Rc4 21.b3 d3 22.Qxd3 Nc5
23.Qe3 d4 24.Nxd4 Rxd4 25.Rxd4 Qc6 26.f3 g6 27.Rd6  1-0

[Event "Anibal Open"]
[Site "Linares ESP"]
[Date "2002.03.03"]
[Round "3"]
[White "Watanabe,A"]
[Black "Potkin,V"]
[Result "0-1"]
[WhiteElo "2381"]
[BlackElo "2481"]

1.d4 d5 2.c4 e6 3.Nc3 c6 4.e3 Nf6 5.Nf3 Nbd7 6.Qc2 Bd6 7.Bd3 O-O 8.O-O dxc4
9.Bxc4 b5 10.Be2 Bb7 11.Rd1 Qc7 12.b3 a6 13.Ne4 Nxe4 14.Qxe4 c5 15.Qh4 Rfe8
16.Bb2 Be7 17.Qh3 Bf6 18.Rac1 Qa5 19.a3 Rac8 20.Ne5 Nxe5 21.dxe5 Be7 22.Bd3 g6
23.Qg3 Red8 24.h4 Rd7 25.Bc2 Rxd1+ 26.Rxd1 Rd8 27.Rc1 Rd2 28.h5 Rxc2 29.Rxc2 Qe1+
30.Kh2 Qd1 31.Rc1 Qxb3 32.Bd4 Qxa3 33.Rc3 Qb4 34.Qf4 g5 35.Qg3 h6 36.f4 cxd4
37.Rc7 dxe3 38.Rxb7 e2  0-1

[Event "Anibal Open"]
[Site "Linares ESP"]
[Date "2002.03.06"]
[Round "6"]
[White "Li Shilong"]
[Black "Colovic,A"]
[Result "1-0"]
[WhiteElo "2509"]
[BlackElo "2364"]

1.d4 Nf6 2.Nf3 d5 3.c4 e6 4.Nc3 c6 5.e3 Nbd7 6.Qc2 Bd6 7.Bd2 O-O 8.O-O-O c5
9.Bd3 a6 10.cxd5 exd5 11.g4 c4 12.Bf5 g6 13.g5 gxf5 14.gxf6 Nxf6 15.Ne5 Be6
16.f3 Kh8 17.e4 fxe4 18.fxe4 Nxe4 19.Nxe4 dxe4 20.Qxe4 f5 21.Qf4 Qf6 22.Rhg1 Rg8
23.Ng6+ Rxg6 24.Qxd6 Rd8 25.Qb6 Kg8 26.Rxg6+ hxg6 27.Re1 Kf7 28.Rxe6 Qxe6
29.Qxd8 b5 30.Qc7+ Kg8 31.Qe5 Qb6 32.Bb4 Qd8 33.Be7 Qe8 34.d5 b4 35.Qe6+ Kh7
36.Bxb4 Qb8 37.Qf7+  1-0

[Event "TCh-AUT 2001-2"]
[Site "Dornbirn AUT"]
[Date "2002.03.08"]
[Round "9"]
[White "Ftacnik,L"]
[Black "Pinter,J"]
[Result "1/2-1/2"]
[WhiteElo "2574"]
[BlackElo "2547"]

1.d4 Nf6 2.Nf3 e6 3.c4 d5 4.Nc3 c6 5.e3 Nbd7 6.Qc2 Bd6 7.Bd3 O-O 8.O-O dxc4
9.Bxc4 a6 10.e4 e5 11.Rd1 Qe7 12.h3 exd4 13.Nxd4 Ne5 14.Bf1 Ng6 15.g3 Rd8
16.Bg2 h6 17.Be3 Nf8 18.Na4 Bc7 19.Rac1 h5 20.Nxc6 bxc6 21.Qxc6 Rb8 22.Bc5 Rxd1+
23.Rxd1 Qe5 24.f4 Qe8 25.Qxc7 Bxh3 26.Bxh3 Qxa4 27.b3 Qe8 28.e5 Ng4 29.Bxf8 Qxf8
30.Qd6 Qc8 31.Bf1 Qb7 32.Bg2 Qa7+ 33.Qd4 Qc7 34.Be4 Re8 35.Bf5 g6 36.Bxg4 hxg4
37.Qd7 Qc5+ 38.Kf1 Re6 39.Qd8+ Kg7 40.Qd4 Qc2 41.Rd2 Qc1+ 42.Kg2 Qc6+ 43.Qd5 Qc3
44.Rf2 Qe3 45.Qc4 Qb6 46.Qe4 Qc6 47.Re2 Qc1 48.Rc2 Qd1 49.Rf2 Qd7 50.f5 gxf5
51.Rxf5 Rg6 52.a4 Qe6 53.b4 Qa2+ 54.Rf2 Qxa4 55.e6 Rxe6 56.Qxg4+ Rg6 57.Qd4+ Kg8
58.Qd8+ Kg7 59.Qd4+  1/2-1/2

[Event "National Open"]
[Site "Las Vegas USA"]
[Date "2002.03.08"]
[Round "2"]
[White "Georgiev,Vl"]
[Black "Shipman,W"]
[Result "1-0"]
[WhiteElo "2560"]
[BlackElo "2269"]

1.d4 d5 2.c4 e6 3.Nc3 c6 4.e3 Nf6 5.Nf3 Nbd7 6.Bd3 Bb4 7.O-O O-O 8.Bd2 Bd6
9.Qc2 dxc4 10.Bxc4 e5 11.Rad1 Qe7 12.h3 Nb6 13.Bd3 Re8 14.dxe5 Bxe5 15.e4 h6
16.Nxe5 Qxe5 17.Be3 Qh5 18.Bd4 Be6 19.f4 Bc4 20.Bxc4 Nxc4 21.e5 Nd5 22.Nxd5 cxd5
23.b3 Na5 24.Bf2 Nc6 25.Rxd5 Nb4 26.Qd1 Qxd1 27.Rdxd1 Nxa2 28.Rd7 b6 29.Bh4 Nc3
30.Re1 a5 31.Re3 Nb5 32.f5 Ra7 33.Rdd3 a4 34.bxa4 Rxa4 35.g4 Rd4 36.Bg3 Red8
37.Rb3 Rd1+ 38.Kg2 R1d2+ 39.Bf2 Nd4 40.e6 fxe6 41.fxe6  1-0